00325nam a2200121Ia 4500008004100000100002700041245004600068260003100114300000800145650002600153942000700179999001700186190216s9999||||xx |||||||||||||| ||und|| aRobert Louis Stevenson 4aThe Strange Case Of Dr.Jekyil And Mr.Hyde bE J Arnold & Son Ltdc1957 a432 aEnglish Short Stories cBK c11937d11937